Score 0/155 Timer 03:00
13 Plays Today
% Correct
(Doo doo doo doo)
100%
(Doo doo doo doo)
100%
(Doo doo doo doo)
100%
(Doo doo doo doo)
100%
(Doo doo doo doo)
100%
Here
97.9%
Here
97.9%
here
97.9%
Here
97.9%
Here
97.9%
here
97.9%
Here
97.9%
here
97.9%
here
97.9%
Here
97.9%
Here
97.9%
Here
97.9%
Here
97.9%
Here
97.9%
Here
97.9%
Here
97.9%
here
97.9%
the
97.7%
the
97.7%
the
97.7%
the
97.7%
the
97.7%
the
97.7%
the
97.7%
the
97.7%
the
97.7%
the
97.7%
the
97.7%
the
97.7%
sun,
97.6%
sun
97.6%
sun,
97.6%
sun
97.6%
sun,
97.6%
sun
97.6%
Sun,
97.6%
sun,
97.6%
sun,
97.6%
Sun,
97.6%
sun,
97.6%
sun,
97.6%
Sun,
97.6%
sun,
97.6%
sun,
97.6%
Sun,
97.6%
sun,
97.6%
sun,
97.6%
% Correct
Sun,
97.6%
sun,
97.6%
sun,
97.6%
sun,
97.6%
sun
97.6%
sun,
97.6%
sun
97.6%
comes
97.2%
comes
97.2%
comes
97.2%
comes
97.2%
comes
97.2%
comes
97.2%
comes
97.2%
comes
97.2%
comes
97.2%
comes
97.2%
comes
97.2%
comes
97.2%
comes
97.1%
comes
97.1%
comes
97.1%
I
95.7%
I
95.7%
I
95.7%
I
95.7%
I
95.7%
a
95%
it
93.1%
it
93.1%
it
93.1%
it
93.1%
it
93.1%
it
93.1%
it
93.1%
it
93.1%
It's
90.8%
it's
90.8%
it's
90.8%
It's
90.8%
it's
90.8%
it's
90.8%
it's
90.8%
It's
90.8%
It's
90.8%
It's
90.8%
alright
89.6%
alright
89.6%
alright
89.6%
alright
89.6%
alright
89.6%
alright
89.6%
% Correct
and
88.2%
and
88.2%
and
88.2%
and
88.2%
say
84.2%
say
84.2%
say
84.2%
say
84.2%
darling,
82.6%
darling,
82.6%
darling,
82.6%
darling,
82.6%
darling,
82.6%
darling,
82.6%
Little
82.4%
Little
82.4%
Little
82.4%
Little
82.3%
Little
82.3%
Little
82.3%
been
78.2%
been
78.2%
been
78.2%
been
78.2%
long,
75.6%
winter
72%
since
68.8%
since
68.8%
since
68.8%
lonely
68.7%
cold,
67.1%
like
65.5%
like
65.5%
like
65.5%
years
63.7%
years
63.7%
years
63.7%
feel
60.1%
seems
59.6%
seems
59.6%
is
54%
feels
52.8%
to
46.1%
slowly
45.4%
melting
45.3%
ice
43.8%
that
37.4%
faces
37.3%
smiles
36%
returning
35.6%
clear
34.9%
Remove Ads.
Support Sporcle.
Get the best of Sporcle when you Go Orange. This ad-free experience offers more features, more stats, and more fun while also helping to support Sporcle. Thank you for becoming a member.

You're not logged in!

Compare scores with friends on all Sporcle quizzes.
OR
Log In

Show Comments

Extras

Top Quizzes Today


Score Distribution

Your Account Isn't Verified!

In order to create a playlist on Sporcle, you need to verify the email address you used during registration. Go to your Sporcle Settings to finish the process.

Report this User

Report this user for behavior that violates our Community Guidelines.

Details: